L'anesthégie régionale en chirurgie urinaire / (Record no. 37374)

MARC details
000 -LEADER
campo de control de longitud fija 00535nam a2200169 i 4500
001 - NÚMERO DE CONTROL
campo de control 37374
003 - IDENTIFICADOR DE NÚMERO DE CONTROL
campo de control ES-MaACL
005 - FECHA Y HORA DE LA ÚLTIMA TRANSACCIÓN
campo de control 20230906155548.0
007 - CAMPO FIJO DE DESCRIPCIÓN FÍSICA--INFORMACIÓN GENERAL
campo de control de longitud fija t|
008 - DATOS DE LONGITUD FIJA--INFORMACIÓN GENERAL
campo de control de longitud fija 030220s1921 fr ||||1| fre d
100 1# - ENTRADA PRINCIPAL--NOMBRE DE PERSONA
Nombre de persona Butler d'Ormond, R. de.
9 (RLIN) 32953
245 12 - MENCIÓN DEL TÍTULO
Título L'anesthégie régionale en chirurgie urinaire /
Mención de responsabilidad, etc. par le R. de Butler d'Ormond ; préface de Victor Pauchet.
260 ## - PUBLICACIÓN, DISTRIBUCIÓN, ETC.
Lugar de publicación, distribución, etc. Paris :
Nombre del editor, distribuidor, etc. [s.n.,
Fecha de publicación, distribución, etc. 1921] (
Fabricante Imp. Jouve et Cie)
300 ## - DESCRIPCIÓN FÍSICA
Extensión 102 p. ;
Dimensiones 25 cm.
700 1# - ENTRADA AGREGADA--NOMBRE PERSONAL
Nombre de persona Pauchet, Victor.
9 (RLIN) 89621
852 ## - LOCALIZACIÓN
Ubicación ES-MaACL
Número de control de estantería B-11507
Holdings
Estatus retirado Estado de pérdida Estado de daño No para préstamo Biblioteca de origen Biblioteca actual Ubicación en estantería Fecha de adquisición Fuente de adquisición Total de préstamos Signatura topográfica completa Código de barras Visto por última vez Precio de reemplazo Tipo de ítem Koha
        Biblioteca del Ateneo de Madrid Biblioteca del Ateneo de Madrid Sala Pardo Bazán 17/01/2008     B-11507 1039333 23/02/2023 23/02/2023 Libro impreso